| 000 | 00559nam a2200205Ia 4500 | ||
|---|---|---|---|
| 005 | 20250508163157.0 | ||
| 008 | 008 250505s9999 xx 000 0 hin d | ||
| 037 | _aTextual | ||
| 040 |
_aFEDL _beng _cFEDL |
||
| 041 |
_ahin _2eng |
||
| 084 |
_a155.4, VAR _qFEDL |
||
| 100 |
_aVarma Sharda Prashad _9774860 |
||
| 245 | 0 | _aVikas manovigyan | |
| 260 |
_aMadhya Pradesh, India _bHindi Granth Akademi _c1972 |
||
| 300 | _a268p | ||
| 365 |
_aINR _b12.5 |
||
| 650 | _aChild psychology | ||
| 942 |
_cTEXL _h155.4, VAR |
||
| 999 |
_c1381324 _d1381324 |
||